000 00477nam a2200169Ia 4500
008 230917s9999||||xx |||||||||||||| ||und||
020 _cUSD140
040 _e229355
_aMAIN
041 _aEnglish
082 _a647.94068 V197M
100 _aVasilevich, Piotr, ed.
245 0 _aHospitality and tourism human relations management
260 _aNew York
_bArcler Press
_c2016
300 _axi, 239 p.
500 _a2195 03/12/2015 PBA15/559 04/12/2015 IHTM (SFS)
942 _cBK
999 _c16765
_d16765